000 00467nam a22001697a 4500
003 NUST - PNEC
005 20170116181010.0
008 150913b xxu||||| |||| 00| 0 eng d
020 _a0139026282
040 _cLIBRARY
082 _a621.38 TOM
100 _910116
_aTomasi, Wayne
245 _aTelecommunications : voice/data with fiber optic applications
_cWayne Tomasi
260 _cc.1988
650 _910119
_aOptical communications
_xMS COM
942 _2ddc
_cBK
999 _c67055
_d67055